00309cam a22001097a 4500008004000000082001100040100002000051245005800071260003200129300001000161650002800171180718b1979 xxu||||| |||| 00| 0 eng d aU R277 aReisman, George aThe government against the economycby George Reisman aOttawabJameson Booksc1979 a207p. aGovernment and business